[Event "2nd Goa GM Open 2019"]
[Site "Goa"]
[Date "2019.06.22"]
[Round "6.1"]
[White "Petrosyan, Manuel"]
[Black "Kostenko, Petr"]
[Result "1/2-1/2"]
[WhiteElo "2573"]
[BlackElo "2473"]
[Annotator "ChessBase"]
[PlyCount "138"]
[EventDate "2019.06.17"]
[EventType "swiss"]
[EventCountry "IND"]
[SourceTitle "playchess.com"]
[Source "ChessBase"]
[SourceQuality "1"]
[TimeControl "5400+30"]

1. Nf3 {[%emt 0:01:17]} c5 2. c4 {[%emt 0:00:50]} Nc6 {[%emt 0:03:12]} 3. Nc3 {[%emt 0:00:36]} g6 {[%emt 0:00:05]} 4. g3 {[%emt 0:00:54]} Bg7 {[%emt 0:00:16]} 5. Bg2 {[%emt 0:00:05]} d6 {[%emt 0:00:06]} 6. d3 {[%emt 0:01:35]} Bf5 {[%emt 0:00:46]} 7. h3 {[%emt 0:03:22]} Qc8 {[%emt 0:01:28]} 8. Qd2 {[%emt 0:01:59]} a6 {[%emt 0:01:12]} 9. b3 {[%emt 0:02:45]} Nf6 {[%emt 0:09:12]} 10. Bb2 {[%emt 0:02:02]} O-O {[%emt 0:00:07]} 11. Nd5 {[%emt 0:05:01]} Nxd5 {[%emt 0:00:50]} 12. Bxg7 {[%emt 0:00:18]} Kxg7 {[%emt 0:00:03]} 13. cxd5 {[%emt 0:00:08]} Na7 {[%emt 0:00:07]} 14. Rc1 {[%emt 0:02:42]} Rb8 {[%emt 0:00:36]} 15. e4 {[%emt 0:06:19]} Bd7 {[%emt 0:00:05]} 16. d4 {[%emt 0:00:05]} b6 {[%emt 0:00:08]} 17. a4 {[%emt 0:00:12]} e6 {[%emt 0:03:34]} 18. dxe6 {[%emt 0:05:22]} Bxe6 {[%emt 0:00:12]} 19. d5 {[%emt 0:00:05]} Bd7 {[%emt 0:00:03]} 20. h4 {[%emt 0:00:16]} h5 {[%emt 0:00:31]} 21. O-O {[%emt 0:00:51]} f6 {[%emt 0:00:02]} 22. Rfe1 {[%emt 0:02:32]} Qd8 {[%emt 0:00:37]} 23. Bf1 {[%emt 0:01:31]} a5 {[%emt 0:11:00]} 24. Ra1 {[%emt 0:00:53]} Rf7 {[%emt 0:00:25]} 25. Qc3 {[%emt 0:03:00]} Kh7 {[%emt 0:15:52]} 26. Nd2 {[%emt 0:00:39]} b5 {[%emt 0:00:05]} 27. axb5 {[%emt 0:01:00]} Nxb5 {[%emt 0:00:41]} 28. Bxb5 {[%emt 0:02:01]} Rxb5 {[%emt 0:00:34]} 29. Nc4 {[%emt 0:01:03]} Qb8 {[%emt 0:01:25]} 30. Nxa5 {[%emt 0:03:34]} Rb4 {[%emt 0:00:11]} 31. Qe3 {[%emt 0:06:28]} Bb5 {[%emt 0:04:05]} 32. Rac1 {[%emt 0:06:13]} Ra7 {[%emt 0:01:06]} 33. Nc4 {[%emt 0:00:42]} Bxc4 {[%emt 0:00:18]} 34. bxc4 {[%emt 0:00:15]} Kg7 {[%emt 0:01:45]} 35. Rc3 {[%emt 0:01:18]} Rb1 {[%emt 0:03:49]} 36. Rxb1 {[%emt 0:03:12]} Qxb1+ {[%emt 0:00:03]} 37. Rc1 {[%emt 0:00:24]} Qb2 {[%emt 0:02:03]} 38. Qc3 {[%emt 0:01:02]} Qe2 {[%emt 0:01:56]} 39. Qc2 {[%emt 0:08:10]} Qf3 {[%emt 0:01:23]} 40. Rb1 {[%emt 0:01:39]} Re7 {[%emt 0:07:11]} 41. Re1 {[%emt 0:00:39]} Qa3 {[%emt 0:00:08]} 42. Kg2 {[%emt 0:00:27]} Rb7 {[%emt 0:01:48]} 43. Re3 {[%emt 0:03:46]} Qa1 {[%emt 0:02:11]} 44. Qc3 {[%emt 0:04:33]} Qb1 {[%emt 0:08:55]} 45. Rf3 {[%emt 0:00:09]} Rf7 {[%emt 0:00:22]} 46. Rf4 {[%emt 0:00:18]} Qa2 {[%emt 0:00:54]} 47. g4 {[%emt 0:01:09]} hxg4 {[%emt 0:00:24]} 48. Rxg4 {[%emt 0:00:17]} Kh7 {[%emt 0:01:20]} 49. Qd3 {[%emt 0:05:03]} Rb7 {[%emt 0:03:02]} 50. h5 {[%emt 0:02:37]} Rb3 {[%emt 0:01:13]} 51. hxg6+ {[%emt 0:05:24]} Kg7 {[%emt 0:00:04]} 52. Qd1 {[%emt 0:00:03]} Rb1 {[%emt 0:00:09]} 53. Qf3 {[%emt 0:03:19]} Qxc4 {[%emt 0:00:14]} 54. Qxf6+ {[%emt 0:04:55]} Kxf6 {[%emt 0:00:31]} 55. e5+ {[%emt 0:00:00]} Kxe5 {[%emt 0:00:50]} 56. Rxc4 {[%emt 0:00:01]} Rb7 {[%emt 0:01:02]} 57. Kf3 {[%emt 0:02:23]} Rg7 {[%emt 0:00:36]} 58. Rg4 {[%emt 0:01:01]} Kf5 {[%emt 0:00:31]} 59. Rf4+ {[%emt 0:00:16]} Kxg6 {[%emt 0:00:09]} 60. Ke3 {[%emt 0:00:34]} Re7+ {[%emt 0:06:23]} 61. Kd3 {[%emt 0:00:01]} Rf7 {[%emt 0:00:15]} 62. Rg4+ {[%emt 0:00:10]} Kh5 {[%emt 0:00:53]} 63. Re4 {[%emt 0:01:04]} Kg6 {[%emt 0:03:36]} 64. Re6+ {[%emt 0:00:45]} Rf6 {[%emt 0:00:05]} 65. Kc4 {[%emt 0:00:09]} Kf7 {[%emt 0:00:51]} 66. Re2 {[%emt 0:00:01]} Rf5 {[%emt 0:01:05]} 67. Re6 {[%emt 0:00:12]} Rf6 {[%emt 0:00:04]} 68. Re2 {[%emt 0:00:03]} Rf5 {[%emt 0:00:02]} 69. Re6 {[%emt 0:00:06]} Rf6 {[%emt 0:00:03]} 1/2-1/2

[Event "2nd Goa GM Open 2019"]
[Site "Goa"]
[Date "2019.06.22"]
[Round "6.2"]
[White "Ter-Sahakyan, Samvel"]
[Black "Deepan Chakkravarthy J."]
[Result "1-0"]
[WhiteElo "2611"]
[BlackElo "2557"]
[Annotator "TA"]
[PlyCount "55"]
[EventDate "2019.06.17"]
[EventType "swiss"]
[EventCountry "IND"]
[SourceTitle "playchess.com"]
[Source "ChessBase"]
[SourceQuality "1"]

{[%evp 15,55,0,27,33,34,39,30,21,89,83,103,83,88,71,95,22,41,0,65,77,102,110,120,109,137,118,475,474,613,611,578,591,1043,999,1652,942,937,931,1328,1297,29993,29994]} 1. e4 c5 2. Nf3 d6 3. d4 cxd4 4. Nxd4 Nf6 5. Nc3 e6 6. Be3 a6 7. f3 b5 8. g4 Bb7 9. g5 {B80: Sicilian Scheveningen: 6 g3 and 6 Be3, including English Attack} (9. a3 Nfd7 10. Qd2 Be7 11. O-O-O Nb6 12. Nb3 Nc4 13. Bxc4 bxc4 14. Nd4 Nd7 15. g5 Rb8 16. h4 Nc5 {1-0 (39) Van Foreest,J (2541)-Bok,B (2607) Wijk aan Zee 2016}) 9... Nfd7 10. Qd2 Nb6 11. a4 {White has an edge.} Nc4 (11... bxa4 $11 {remains equal.} 12. Nxa4 Nxa4 13. Rxa4 d5) 12. Bxc4 $1 $16 bxc4 13. h4 Nd7 14. h5 Qa5 15. Kf2 ({Better is} 15. O-O-O $16) 15... Be7 $146 ({Predecessor:} 15... Nc5 16. Qe2 Rc8 {0-1 (40) Fiducioso,M (2124)-Stella,A (2276) Courmayeur 2009}) 16. g6 (16. Nde2 {with more complications.} Qc7 17. Rag1 O-O-O 18. a5 Nc5 19. Qd4) 16... hxg6 (16... Nc5 $11) 17. hxg6 $14 Rxh1 18. Rxh1 Ne5 {[#]} 19. gxf7+ $1 Kxf7 20. Qe2 {aiming for f4.} Rc8 $2 {[%mdl 8192]} (20... Nc6 $16 {is a better chance.}) 21. f4 $18 Ng6 22. Qg4 Nf8 23. f5 exf5 24. Nxf5 g6 {[#]} 25. Nd5 $1 {[%mdl 512]} Bxd5 26. Nh6+ {[%mdl 64] Discovered Attack} Kg7 27. Qxc8 {Threatening mate with Bd4+.} Bxe4 {[#]} 28. Qe8 $1 {[%mdl 512] Accuracy: White = 73%, Black = 29%.} 1-0

[Event "2nd Goa GM Open 2019"]
[Site "Goa"]
[Date "2019.06.22"]
[Round "6.3"]
[White "Gupta, Abhijeet"]
[Black "Neverov, Valeriy"]
[Result "1/2-1/2"]
[WhiteElo "2606"]
[BlackElo "2470"]
[Annotator "TA"]
[PlyCount "172"]
[EventDate "2019.06.17"]
[EventType "swiss"]
[EventCountry "IND"]
[SourceTitle "playchess.com"]
[Source "ChessBase"]
[SourceQuality "1"]

{[%evp 17,172,0,2,0,2,-29,-29,-33,0,-9,-10,-59,0,0,0,0,0,0,0,-6,-6,-6,0,-10,0,-20,-19,-25,-24,-23,-19,-35,-25,-37,0,0,0,0,3,3,3,3,8,4,4,4,4,4,3,3,4,4,4,4,8,8,8,8,8,8,14,3,3,3,3,3,3,3,3,3,3,3,3,3,3,3,3,3,3,3,3,3,3,3,3,3,3,3,3,3,3,3,3,3,3,3,3,3,3,3,3,3,3,3,3,3,3,3,3,3,3,3,3,3,3,3,3,3,3,3,3,3,3,3,3,3,3,0,0,0,0,0,0,0,0,0,0,0,0,0,0,0,0,0,0,0,0,0,0,0,0,0,0,0,0,0,0]} 1. d4 d5 2. c4 e6 3. Nf3 Nf6 4. g3 Bb4+ 5. Nbd2 O-O 6. Bg2 b6 7. O-O Bb7 8. cxd5 exd5 9. Ne5 Nbd7 10. Qa4 {[#] And now Nxd7 would win. E16: Queen's Indian: 4 g3 Bb7 5 Bg2 Bb4+} a5 11. Bh3 $146 {[%cal Re5d7]} ({Predecessor:} 11. Ndf3 Qe8 12. Qc2 Bd6 13. Bf4 h6 14. Rac1 Nh5 15. Nxd7 Qxd7 16. Bxd6 cxd6 17. Nh4 Nf6 {1-0 (40) Gupta,A (2619)-Ahmed,S (2305) Kolkata 2018}) 11... Nxe5 12. dxe5 {Black has an edge.} Ne4 (12... Bxd2 $5 13. exf6 Bxc1 14. fxg7 Kxg7 15. Raxc1 d4 $11) 13. Nxe4 dxe4 14. Bf4 {[#]} Qe7 (14... e3 $1 $15 {[%mdl 512]}) 15. Qd7 $11 g5 {aiming for ...Qxd7.} 16. Qxe7 Bxe7 17. Be3 Rad8 18. Bf5 f6 19. e6 Rd6 20. a3 Bd5 21. Rfc1 c5 22. b4 axb4 23. axb4 cxb4 24. Rc7 Re8 25. h4 b3 (25... Bxe6 {with more complications.} 26. Bxe4 b3 27. hxg5 fxg5 28. Rb1 Bf6) 26. hxg5 {The position is equal.} fxg5 27. Rb1 Bxe6 (27... Kf8 {looks sharper.} 28. Bd4 Red8 29. e3 h5 30. Kg2 h4) 28. Bxe6+ Rxe6 29. Rxb3 h6 30. Rb5 Bd8 31. Rc8 Kf7 32. Kg2 Bf6 33. Rc4 Bd8 34. g4 Kg6 35. Rc8 Bf6 36. Rxe8 Rxe8 37. Rxb6 {[%mdl 4096] Endgame KRB-KRB} Kf7 38. Rb4 Re6 39. Bd4 Bxd4 40. Rxd4 {KR-KR} Kg6 41. Rd8 Kf6 42. Kg3 Kg6 43. Ra8 Kf6 44. Ra3 Rb6 45. Kg2 Rb4 46. Ra6+ Kg7 47. e3 Rc4 48. Rd6 Rc7 49. Re6 Rc4 50. Kf1 Ra4 51. Rd6 Ra7 52. Ke2 Ra2+ 53. Rd2 Ra6 54. Rd7+ Kg6 55. Re7 Ra2+ 56. Kf1 Ra1+ 57. Kg2 Ra4 58. Re6+ Kg7 59. Rd6 Ra7 60. Rd4 Re7 61. Kf1 Re6 62. Ke2 Kg6 63. Rd8 Kg7 64. Kd2 Rf6 65. Ke1 Re6 66. Ke2 Kg6 67. Ra8 Kg7 68. Kf1 Kg6 69. Kg2 Kg7 70. Kg3 Kg6 71. Rb8 Kg7 72. f4 exf3 73. Kxf3 Rf6+ 74. Ke4 h5 75. gxh5 g4 76. Rb1 {Threatens to win with Rg1.} Kh6 77. Rh1 Rf2 78. Kd4 g3 79. Rg1 g2 80. e4 Kxh5 81. Ke3 Ra2 82. Kf3 Kg5 83. Rxg2+ Rxg2 84. Kxg2 Kf4 85. e5 {Intending e6 and mate.} Kf5 86. Kg3 Kxe5 {Accuracy: White = 78%, Black = 89%.} 1/2-1/2

[Event "2nd Goa GM Open 2019"]
[Site "Goa"]
[Date "2019.06.22"]
[Round "6.4"]
[White "Nguyen, Van Huy"]
[Black "Stupak, Kirill"]
[Result "1/2-1/2"]
[WhiteElo "2456"]
[BlackElo "2584"]
[Annotator "ChessBase"]
[PlyCount "64"]
[EventDate "2019.06.17"]
[EventType "swiss"]
[EventCountry "IND"]
[SourceTitle "playchess.com"]
[Source "ChessBase"]
[SourceQuality "1"]
[TimeControl "5400+30"]

1. d4 {[%emt 0:02:07]} Nf6 {[%emt 0:00:00]} 2. c4 {[%emt 0:00:37]} e6 {[%emt 0:00:00]} 3. Nf3 {[%emt 0:00:32]} d5 {[%emt 0:00:00]} 4. g3 {[%emt 0:00:43]} Be7 {[%emt 0:00:00]} 5. Bg2 {[%emt 0:00:12]} O-O {[%emt 0:00:00]} 6. O-O {[%emt 0:00:08]} dxc4 {[%emt 0:00:00]} 7. Qc2 {[%emt 0:00:39]} b6 {[%emt 0:00:00]} 8. Bg5 {[%emt 0:02:41]} Nd5 {[%emt 0:01:39]} 9. Bxe7 {[%emt 0:00:38]} Qxe7 {[%emt 0:00:02]} 10. Qxc4 {[%emt 0:04:43]} Ba6 {[%emt 0:09:08]} 11. Qc2 {[%emt 0:02:21]} Nd7 {[%emt 0:00:27]} 12. Nc3 {[%emt 0:06:10]} Nxc3 {[%emt 0:04:08]} 13. bxc3 {[%emt 0:02:00]} Rac8 {[%emt 0:00:22]} 14. Rfe1 {[%emt 0:02:59]} c5 {[%emt 0:00:10]} 15. Qa4 {[%emt 0:05:33]} Nb8 {[%emt 0:00:00]} 16. Rf1 {[%emt 0:00:00]} Nd7 {[%emt 0:01:20]} 17. Rfe1 {[%emt 0:01:00]} Nb8 {[%emt 0:00:00]} 18. Ne5 {[%emt 0:07:46]} f6 {[%emt 0:04:28]} 19. Nf3 {[%emt 0:02:39]} cxd4 {[%emt 0:03:44]} 20. cxd4 {[%emt 0:00:57]} Rc4 {[%emt 0:00:24]} 21. Qd1 {[%emt 0:02:09]} Bb7 {[%emt 0:05:31]} 22. e4 {[%emt 0:04:59]} Rd8 {[%emt 0:03:59]} 23. Rc1 {[%emt 0:07:31]} Rxc1 {[%emt 0:21:29]} 24. Qxc1 {[%emt 0:00:31]} Qf7 {[%emt 0:00:44]} 25. Qc4 {[%emt 0:11:16]} Nc6 {[%emt 0:01:18]} 26. Bh3 {[%emt 0:03:10]} Re8 {[%emt 0:09:27]} 27. a3 {[%emt 0:06:30]} Na5 {[%emt 0:04:24]} 28. Qd3 {[%emt 0:00:09]} Nc6 {[%emt 0:08:27]} 29. Qc4 {[%emt 0:00:05]} Na5 {[%emt 0:00:03]} 30. Qd3 {[%emt 0:00:05]} Nc6 {[%emt 0:00:03]} 31. Qc4 Na5 {[%emt 0:00:03]} 32. Qd3 {[%emt 0:00:10]} Nc6 {[%emt 0:00:02]} 1/2-1/2

[Event "2nd Goa GM Open 2019"]
[Site "Goa"]
[Date "2019.06.22"]
[Round "6.5"]
[White "Jojua, Davit"]
[Black "Sammed Jaykumar, Shete"]
[Result "1-0"]
[WhiteElo "2580"]
[BlackElo "2431"]
[Annotator "ChessBase"]
[PlyCount "95"]
[EventDate "2019.06.17"]
[EventType "swiss"]
[EventCountry "IND"]
[SourceTitle "playchess.com"]
[Source "ChessBase"]
[SourceQuality "1"]
[TimeControl "5400+30"]

1. d4 {[%emt 0:04:18]} Nf6 {[%emt 0:00:00]} 2. c4 {[%emt 0:00:30]} g6 {[%emt 0:00:06]} 3. g3 {[%emt 0:00:30]} Bg7 {[%emt 0:00:30]} 4. Bg2 {[%emt 0:00:30]} O-O {[%emt 0:00:00]} 5. Nc3 {[%emt 0:00:00]} d6 {[%emt 0:00:00]} 6. Nf3 {[%emt 0:00:00]} Nbd7 {[%emt 0:00:00]} 7. O-O {[%emt 0:00:00]} e5 {[%emt 0:00:00]} 8. e4 {[%emt 0:00:00]} c6 {[%emt 0:00:00]} 9. h3 {[%emt 0:00:00]} Qa5 {[%emt 0:00:00]} 10. Re1 {[%emt 0:01:18]} exd4 {[%emt 0:00:00]} 11. Nxd4 {[%emt 0:00:04]} Ne5 {[%emt 0:00:02]} 12. Bf1 {[%emt 0:01:57]} Qb6 {[%emt 0:00:28]} 13. Kg2 {[%emt 0:16:23]} a6 {[%emt 0:09:56]} 14. b3 {[%emt 0:05:05]} c5 {[%emt 0:03:34]} 15. Nc2 {[%emt 0:03:32]} Be6 {[%emt 0:01:09]} 16. Rb1 {[%emt 0:00:30]} Rae8 {[%emt 0:00:30]} 17. Bb2 {[%emt 0:00:30]} Qc7 {[%emt 0:00:30]} 18. f4 {[%emt 0:00:30]} Nc6 {[%emt 0:00:30]} 19. Kh2 {[%emt 0:00:30]} h5 {[%emt 0:00:30]} 20. Bg2 {[%emt 0:00:30]} h4 {[%emt 0:41:03]} 21. g4 {[%emt 0:28:42]} Nh7 {[%emt 0:08:22]} 22. Qd2 {[%emt 0:08:08]} Qa5 {[%emt 0:03:09]} 23. Rbd1 {[%emt 0:04:21]} g5 {[%emt 0:01:17]} 24. fxg5 {[%emt 0:05:36]} Ne5 {[%emt 0:07:48]} 25. Ne3 {[%emt 0:05:22]} Nxg5 {[%emt 0:03:02]} 26. Rf1 {[%emt 0:00:02]} Ng6 {[%emt 0:00:47]} 27. Nf5 {[%emt 0:04:10]} Be5+ {[%emt 0:00:04]} 28. Kh1 {[%emt 0:00:03]} f6 {[%emt 0:00:09]} 29. Na4 {[%emt 0:07:44]} Qxd2 {[%emt 0:04:34]} 30. Rxd2 {[%emt 0:00:01]} b5 {[%emt 0:01:26]} 31. Bxe5 {[%emt 0:00:07]} fxe5 {[%emt 0:00:05]} 32. cxb5 axb5 {[%emt 0:00:08]} 33. Nc3 {[%emt 0:02:02]} b4 {[%emt 0:01:11]} 34. Nb5 {[%emt 0:00:13]} Rd8 {[%emt 0:03:48]} 35. Nbxd6 {[%emt 0:01:13]} Rd7 {[%emt 0:01:08]} 36. Rfd1 {[%emt 0:02:05]} Ra8 {[%emt 0:02:10]} 37. Rc1 {[%emt 0:01:08]} Ra5 {[%emt 0:00:42]} 38. Rcc2 {[%emt 0:00:33]} Rda7 {[%emt 0:02:11]} 39. Kg1 {[%emt 0:00:30]} Nf4 {[%emt 0:01:35]} 40. Nxh4 {[%emt 0:00:41]} Rh7 {[%emt 0:00:04]} 41. Ndf5 {[%emt 0:00:29]} Bxf5 {[%emt 0:00:05]} 42. Nxf5 {[%emt 0:00:04]} Nfxh3+ {[%emt 0:00:42]} 43. Bxh3 {[%emt 0:00:39]} Rxh3 {[%emt 0:01:11]} 44. Kg2 {[%emt 0:00:03]} Rc3 {[%emt 0:00:28]} 45. Rd8+ {[%emt 0:01:20]} Kf7 {[%emt 0:00:07]} 46. Rd7+ {[%emt 0:00:25]} Ke8 {[%emt 0:01:38]} 47. Rcd2 {[%emt 0:00:27]} Nxe4 {[%emt 0:00:32]} 48. Re7+ 1-0

[Event "2nd Goa GM Open 2019"]
[Site "Goa"]
[Date "2019.06.22"]
[Round "6.6"]
[White "Khusenkhojaev, Muhammad"]
[Black "Fier, Alexandr"]
[Result "1/2-1/2"]
[WhiteElo "2446"]
[BlackElo "2543"]
[Annotator "ChessBase"]
[PlyCount "62"]
[EventDate "2019.06.17"]
[EventType "swiss"]
[EventCountry "IND"]
[SourceTitle "playchess.com"]
[Source "ChessBase"]
[SourceQuality "1"]
[TimeControl "5400+30"]

1. Nf3 {[%emt 0:00:25]} Nf6 {[%emt 0:00:00]} 2. c4 {[%emt 0:00:15]} e6 {[%emt 0:00:00]} 3. Nc3 {[%emt 0:00:16]} d5 {[%emt 0:00:00]} 4. cxd5 {[%emt 0:00:33]} exd5 {[%emt 0:00:01]} 5. d4 {[%emt 0:00:07]} c6 {[%emt 0:00:25]} 6. Bg5 {[%emt 0:00:18]} h6 {[%emt 0:00:06]} 7. Bh4 {[%emt 0:00:10]} Bf5 {[%emt 0:00:06]} 8. e3 {[%emt 0:00:57]} Be7 {[%emt 0:00:22]} 9. Bd3 {[%emt 0:00:59]} Bxd3 {[%emt 0:00:06]} 10. Qxd3 {[%emt 0:00:04]} O-O {[%emt 0:00:07]} 11. O-O {[%emt 0:00:26]} Nbd7 {[%emt 0:00:37]} 12. Rab1 {[%emt 0:02:26]} a5 {[%emt 0:01:14]} 13. Rfc1 {[%emt 0:00:20]} Re8 {[%emt 0:00:06]} 14. Nd2 {[%emt 0:01:37]} Qb8 {[%emt 0:11:21]} 15. Bg3 {[%emt 0:03:06]} Bd6 {[%emt 0:00:39]} 16. Qc2 {[%emt 0:02:24]} Bxg3 {[%emt 0:00:27]} 17. hxg3 {[%emt 0:00:04]} Ng4 {[%emt 0:04:40]} 18. a3 {[%emt 0:08:02]} Ndf6 {[%emt 0:04:34]} 19. Nf1 {[%emt 0:01:19]} Nd7 {[%emt 0:00:00]} 20. b4 {[%emt 0:00:00]} axb4 {[%emt 0:00:00]} 21. axb4 {[%emt 0:00:11]} Ra3 {[%emt 0:00:00]} 22. Nd1 {[%emt 0:02:17]} Qd6 {[%emt 0:08:14]} 23. b5 {[%emt 0:01:08]} Rc8 {[%emt 0:00:03]} 24. Qb2 {[%emt 0:06:24]} Raa8 {[%emt 0:00:37]} 25. bxc6 {[%emt 0:00:14]} bxc6 {[%emt 0:00:04]} 26. Qc2 {[%emt 0:06:36]} c5 {[%emt 0:01:04]} 27. dxc5 {[%emt 0:00:13]} Rxc5 {[%emt 0:00:04]} 28. Qf5 {[%emt 0:01:05]} Ngf6 {[%emt 0:00:09]} 29. Qf4 {[%emt 0:00:35]} Qxf4 {[%emt 0:01:41]} 30. gxf4 {[%emt 0:00:05]} Rxc1 {[%emt 0:00:04]} 31. Rxc1 {[%emt 0:00:05]} d4 {[%emt 0:00:19]} 1/2-1/2

[Event "2nd Goa GM Open 2019"]
[Site "Goa"]
[Date "2019.06.22"]
[Round "6.7"]
[White "Iniyan, P."]
[Black "Viani Antonio Dcunha"]
[Result "1-0"]
[WhiteElo "2525"]
[BlackElo "2362"]
[Annotator "ChessBase"]
[PlyCount "73"]
[EventDate "2019.06.17"]
[EventType "swiss"]
[EventCountry "IND"]
[SourceTitle "playchess.com"]
[Source "ChessBase"]
[SourceQuality "1"]
[TimeControl "5400+30"]

1. d4 {[%emt 0:00:03]} Nf6 {[%emt 0:00:06]} 2. c4 {[%emt 0:00:06]} g6 {[%emt 0:00:19]} 3. Nc3 {[%emt 0:00:06]} Bg7 {[%emt 0:00:12]} 4. e4 {[%emt 0:00:07]} d6 {[%emt 0:00:10]} 5. Nf3 {[%emt 0:00:04]} O-O {[%emt 0:00:26]} 6. Be2 {[%emt 0:00:04]} e5 {[%emt 0:00:52]} 7. O-O {[%emt 0:00:07]} Nc6 {[%emt 0:00:15]} 8. d5 {[%emt 0:00:04]} Ne7 {[%emt 0:00:09]} 9. b4 {[%emt 0:00:03]} Nh5 {[%emt 0:02:05]} 10. Re1 {[%emt 0:04:57]} Nf4 {[%emt 0:07:15]} 11. Bf1 {[%emt 0:05:11]} a5 {[%emt 0:02:42]} 12. bxa5 {[%emt 0:10:01]} c5 {[%emt 0:02:44]} 13. a4 {[%emt 0:04:16]} Rxa5 {[%emt 0:02:24]} 14. Ra3 {[%emt 0:01:36]} h6 {[%emt 0:07:40]} 15. g3 {[%emt 0:05:47]} Nh3+ {[%emt 0:06:49]} 16. Kg2 {[%emt 0:02:10]} f5 {[%emt 0:11:36]} 17. exf5 {[%emt 0:00:35]} Nxf5 {[%emt 0:01:55]} 18. Ne4 {[%emt 0:01:50]} Qd7 {[%emt 0:18:34]} 19. Be2 {[%emt 0:12:34]} g5 {[%emt 0:07:54]} 20. g4 {[%emt 0:01:14]} Ne7 {[%emt 0:03:11]} 21. Nxe5 {[%emt 0:00:15]} Bxe5 {[%emt 0:00:22]} 22. Rxh3 {[%emt 0:00:09]} Bg7 {[%emt 0:09:49]} 23. Qd3 {[%emt 0:00:32]} Rf7 {[%emt 0:06:31]} 24. Bxg5 {[%emt 0:03:24]} Ng6 {[%emt 0:00:11]} 25. Bd2 {[%emt 0:00:39]} Nf4+ {[%emt 0:01:00]} 26. Bxf4 {[%emt 0:00:13]} Rxf4 {[%emt 0:00:03]} 27. Bd1 {[%emt 0:00:47]} Ra6 {[%emt 0:02:09]} 28. Rhe3 {[%emt 0:03:22]} Qf7 {[%emt 0:02:10]} 29. f3 {[%emt 0:02:14]} Bf8 {[%emt 0:02:36]} 30. Ng3 {[%emt 0:02:52]} Bd7 {[%emt 0:01:36]} 31. Re4 {[%emt 0:01:55]} Rxe4 {[%emt 0:00:08]} 32. Rxe4 {[%emt 0:00:06]} Bxa4 {[%emt 0:00:42]} 33. Bxa4 {[%emt 0:00:17]} Rxa4 {[%emt 0:00:02]} 34. Qe2 {[%emt 0:00:20]} Qf6 {[%emt 0:00:53]} 35. Re8 {[%emt 0:00:07]} Qf7 {[%emt 0:00:55]} 36. Nf5 {[%emt 0:00:30]} Kh7 {[%emt 0:00:33]} 37. Qe6 {[%emt 0:00:08]} 1-0

[Event "2nd Goa GM Open 2019"]
[Site "Goa"]
[Date "2019.06.22"]
[Round "6.8"]
[White "Rahul Srivatshav P"]
[Black "Malakhatko, Vadim"]
[Result "1-0"]
[WhiteElo "2395"]
[BlackElo "2505"]
[Annotator "ChessBase"]
[PlyCount "61"]
[EventDate "2019.06.17"]
[EventType "swiss"]
[EventCountry "IND"]
[SourceTitle "playchess.com"]
[Source "ChessBase"]
[SourceQuality "1"]
[TimeControl "5400+30"]

1. Nf3 {[%emt 0:00:00]} d5 {[%emt 0:06:30]} 2. c4 {[%emt 0:00:00]} dxc4 {[%emt 0:00:43]} 3. e3 {[%emt 0:04:14]} Nf6 {[%emt 0:02:43]} 4. Bxc4 {[%emt 0:00:41]} e6 {[%emt 0:00:17]} 5. O-O {[%emt 0:00:13]} c5 {[%emt 0:00:19]} 6. Qe2 {[%emt 0:02:56]} a6 {[%emt 0:04:42]} 7. Rd1 {[%emt 0:02:09]} Nbd7 {[%emt 0:03:37]} 8. d4 {[%emt 0:05:43]} Qc7 {[%emt 0:05:40]} 9. a4 {[%emt 0:07:44]} Bd6 {[%emt 0:03:47]} 10. Nc3 {[%emt 0:11:08]} O-O {[%emt 0:03:10]} 11. h3 {[%emt 0:03:38]} h6 {[%emt 0:03:44]} 12. dxc5 {[%emt 0:11:24]} Bxc5 {[%emt 0:02:39]} 13. e4 {[%emt 0:11:00]} Rd8 {[%emt 0:10:45]} 14. e5 {[%emt 0:02:27]} Nh7 {[%emt 0:00:30]} 15. Ne4 {[%emt 0:00:39]} b6 {[%emt 0:02:10]} 16. Bf4 {[%emt 0:03:48]} Bb7 {[%emt 0:00:09]} 17. Rac1 {[%emt 0:02:16]} Bc6 {[%emt 0:00:33]} 18. b3 {[%emt 0:07:13]} Qb7 {[%emt 0:00:26]} 19. Nd6 {[%emt 0:00:29]} Bxd6 {[%emt 0:01:39]} 20. Rxd6 {[%emt 0:00:06]} Nc5 {[%emt 0:00:23]} 21. b4 {[%emt 0:03:47]} Bxf3 {[%emt 0:25:45]} 22. gxf3 {[%emt 0:00:12]} Nxa4 {[%emt 0:00:37]} 23. Bxa6 {[%emt 0:00:07]} Qe7 {[%emt 0:00:05]} 24. Bb5 {[%emt 0:05:48]} Qh4 {[%emt 0:01:09]} 25. Qd2 {[%emt 0:01:07]} Rf8 {[%emt 0:00:13]} 26. Kg2 {[%emt 0:01:07]} f6 {[%emt 0:12:51]} 27. Rc7 {[%emt 0:01:43]} Kh8 {[%emt 0:02:22]} 28. Rdd7 {[%emt 0:01:49]} Qh5 {[%emt 0:00:21]} 29. Bxh6 {[%emt 0:03:18]} Qg6+ {[%emt 0:02:09]} 30. Kh2 {[%emt 0:00:34]} gxh6 {[%emt 0:00:08]} 31. Rxh7+ {[%emt 0:00:05]} 1-0

[Event "2nd Goa GM Open 2019"]
[Site "Goa"]
[Date "2019.06.22"]
[Round "6.9"]
[White "Sankalp Gupta"]
[Black "Anurag, Mhamal"]
[Result "1-0"]
[WhiteElo "2359"]
[BlackElo "2497"]
[Annotator "ChessBase"]
[PlyCount "75"]
[EventDate "2019.06.17"]
[EventType "swiss"]
[EventCountry "IND"]
[SourceTitle "playchess.com"]
[Source "ChessBase"]
[SourceQuality "1"]
[TimeControl "5400+30"]

1. e4 {[%emt 0:00:10]} c5 {[%emt 0:01:28]} 2. Nf3 {[%emt 0:00:28]} Nc6 {[%emt 0:00:32]} 3. Nc3 {[%emt 0:00:30]} g6 {[%emt 0:13:50]} 4. d4 {[%emt 0:00:21]} cxd4 {[%emt 0:00:04]} 5. Nxd4 {[%emt 0:00:07]} Bg7 {[%emt 0:00:02]} 6. Be3 {[%emt 0:00:17]} Nf6 {[%emt 0:00:03]} 7. Bc4 {[%emt 0:00:06]} Qa5 {[%emt 0:02:50]} 8. O-O {[%emt 0:02:09]} O-O {[%emt 0:01:48]} 9. Bb3 {[%emt 0:02:08]} d6 {[%emt 0:20:56]} 10. h3 {[%emt 0:00:08]} Nxd4 {[%emt 0:19:34]} 11. Bxd4 {[%emt 0:00:14]} Be6 {[%emt 0:00:02]} 12. Nd5 {[%emt 0:06:05]} Bxd5 {[%emt 0:05:27]} 13. exd5 {[%emt 0:01:02]} Nh5 {[%emt 0:00:02]} 14. Re1 {[%emt 0:03:42]} Rfe8 {[%emt 0:01:05]} 15. Re3 {[%emt 0:08:39]} Rac8 {[%emt 0:01:06]} 16. Bxg7 {[%emt 0:05:41]} Nxg7 {[%emt 0:00:31]} 17. g4 {[%emt 0:00:02]} Qc7 {[%emt 0:18:30]} 18. Qe2 {[%emt 0:01:02]} Qd7 {[%emt 0:00:06]} 19. Re1 {[%emt 0:03:34]} e5 {[%emt 0:00:20]} 20. dxe6 {[%emt 0:00:25]} fxe6 {[%emt 0:00:08]} 21. c3 {[%emt 0:00:35]} d5 {[%emt 0:01:18]} 22. Qd3 {[%emt 0:02:07]} b5 {[%emt 0:00:21]} 23. h4 {[%emt 0:01:39]} Rf8 {[%emt 0:02:32]} 24. h5 {[%emt 0:03:40]} Qf7 {[%emt 0:00:41]} 25. R1e2 {[%emt 0:10:35]} gxh5 {[%emt 0:02:58]} 26. Bc2 {[%emt 0:03:46]} Qg6 {[%emt 0:00:05]} 27. Qxb5 {[%emt 0:00:18]} Nf5 {[%emt 0:05:01]} 28. f3 {[%emt 0:08:51]} hxg4 {[%emt 0:00:25]} 29. Rxe6 {[%emt 0:02:11]} Qg5 {[%emt 0:02:12]} 30. f4 {[%emt 0:00:07]} Qxf4 {[%emt 0:00:29]} 31. Qxd5 {[%emt 0:00:02]} Kg7 {[%emt 0:00:31]} 32. R6e4 {[%emt 0:07:44]} Qc1+ {[%emt 0:00:04]} 33. Re1 {[%emt 0:00:06]} Qg5 {[%emt 0:00:30]} 34. Re7+ {[%emt 0:01:56]} Qxe7 {[%emt 0:00:57]} 35. Rxe7+ {[%emt 0:00:03]} Nxe7 {[%emt 0:00:04]} 36. Qe5+ {[%emt 0:00:10]} Kf7 {[%emt 0:00:01]} 37. Bb3+ {[%emt 0:00:44]} Ke8 {[%emt 0:00:18]} 38. Be6 {[%emt 0:00:22]} 1-0